| 000 | 00699nam a2200205 i 4500 | ||
|---|---|---|---|
| 001 | 145982 | ||
| 003 | ES-MaACL | ||
| 005 | 20240529062946.0 | ||
| 007 | t| | ||
| 008 | 071018s1973 sp ||||1| spa d | ||
| 100 | 1 |
_aVega, Lope de, _d1562-1635 _9113563 |
|
| 245 | 1 | 0 |
_aFuente Ovejuna : dos comedias / _cLope de Vega, Cristóbal de Monroy ; edición, introducción y notas de Francisco López Estrada. |
| 250 | _a[2ª ed. rev.]. | ||
| 260 |
_aMadrid : _bCastalia, _c[1973] |
||
| 300 |
_a361 p., 4 lám. ; _c18 cm. |
||
| 700 | 0 |
_aLópez Estrada, Francisco, _d1918-2010 _973627 |
|
| 700 | 1 |
_aMonroy y Silva, Cristóbal de. _982284 |
|
| 852 |
_aES-MaACL _jE-8492 _bR.92646 |
||
| 999 |
_c145982 _d145982 |
||